000 01546nam a2200229Ia 4500
003 Ost
005 20260507075300.0
008 260507s9999||||xx |||||||||||||| ||und||
020 _a×250517977
040 _cfsecg
041 _aara
082 _a330
100 _aلطفى، امين السيد احمد
_eمؤلف
245 0 _aإدارة الأعمال باستخدام معلومات المحاسبة /
_c امين السيد احمد لطفى
260 _aالاسكندرية:
_bالدار الجامعية,
_c2007
300 _a682 صفحة؛
_bإيضاحات ؛
_c25 سم
520 _aالاطار العام للمحاسبة الادارية و تحليل علاقات التكلفة ، الحجم ، الربح ، مدخل هامش الربح ، الموازنة التخطيطية و الرقابية ، اتخاذ القرارات غير الروتينية تأسيسا على معلومات المحاسبة ، ، تقييم أداء مراكز المئؤولية ، اتخاذ القرارات باستخدام مدخل محاكاة المنشأ ، التخطيط و الرقابة على المستوى الدولي ، اعداد الموازنات و ادارة المخاطر و ادارة التكلفة على المستوى الدولي ، فعالية نماذج تقرير فحص انحرافات التكاليف و أخيرا التحليل المالي و الدولي .
653 _aإدارة الاعمال
653 _aالادارة
653 _aالمحاسبة الادارية
942 _cكتاب
999 _c43789
_d43789